000
00338nam a2200133Ia 4500
008
240624s9999 xx 000 0 und d
041
_a
eng
082
_a
302.302 AND
100
_a
ANDREWS GILLIAN GUS
245
_a
KEEP CALM AND LOG ON YOUR HANDBOOK FOR S
260
_c
2020
_a
London
_b
The MIT Press
300
_a
351 p.
365
_c
_b
33
999
_c
32685
_d
32685